As tall as my heart : (Record no. 899)
[ view plain ]
| 000 -LEADER | |
|---|---|
| fixed length control field | 02068nam a2200193 a 4500 |
| 003 - CONTROL NUMBER IDENTIFIER | |
| control field | PILC |
| 005 - DATE AND TIME OF LATEST TRANSACTION | |
| control field | 20250911155330.0 |
| 008 - FIXED-LENGTH DATA ELEMENTS--GENERAL INFORMATION | |
| fixed length control field | 041227s1974 xx 00 eng d |
| 010 ## - LIBRARY OF CONGRESS CONTROL NUMBER | |
| LC control number | Acc#2274 |
| 040 ## - CATALOGING SOURCE | |
| Transcribing agency | Philippine Baptist Theological Seminary |
| 050 ## - LIBRARY OF CONGRESS CALL NUMBER | |
| Classification number | BV 283 .M7 |
| Item number | H737 1974 |
| 100 10 - MAIN ENTRY--PERSONAL NAME | |
| Personal name | Holmes, Marjorie |
| Relator term | Author |
| 245 10 - TITLE STATEMENT | |
| Title | As tall as my heart : |
| Remainder of title | a mother's measure of love / |
| Statement of responsibility, etc. | Marjorie Holmes. |
| 264 ## - PRODUCTION, PUBLICATION, DISTRIBUTION, MANUFACTURE, AND COPYRIGHT NOTICE | |
| Place of production, publication, distribution, manufacture | New York, NY : |
| Name of producer, publisher, distributor, manufacturer | Bantam, |
| Date of production, publication, distribution, manufacture, or copyright notice | ©1974. |
| 300 ## - PHYSICAL DESCRIPTION | |
| Extent | 120 p. : 23 cm. |
| 505 ## - FORMATTED CONTENTS NOTE | |
| Formatted contents note | How tall am I, mother? --<br/>Parenthood is now! --<br/>The secret world --<br/>Baby viking --<br/>Attaboy, God! --<br/>The first loose tooth --<br/>Never never land --<br/>Little brother and big dolls --<br/>It takes so little to please a child --<br/>Her heart in her eyes --<br/>The zoo, a child's paradise --<br/>Enough stars to go around --<br/>Don't hurry! --<br/>The playground --<br/>Maternal magic --<br/>Four-leaf clover --<br/>"Who goes trip-trap over my bridge?" --<br/>the kickoff can wait --<br/>Curiosity bundle --<br/>The artist in every child --<br/>Safe harbor --<br/>When can he go fishing? --<br/>Children's built-in metronomes --<br/>"Let's eat on the way" --<br/>You may lead a child to culture but --<br/>The wonder of watching a train --<br/>Children and solitude --<br/>Swing into outer space --<br/>The world's most loving listerners --<br/>The perfect gift-a day alone --<br/>Mother, cowardly lion --<br/>Going to church with children --<br/>The sentimental mother --<br/>The farm --<br/>A night out with mom --<br/>The growing things --<br/>When love brims over --<br/>The skating rink --<br/>Cozy is the cabin --<br/>Those wonderful teens --<br/>Plant, believe, and dream --<br/>Long arms-and big laps --<br/>Summer winds up like a ribbon --<br/>Only a little gray kitten --<br/>Getting the kids to help --<br/>Every child can be beautiful --<br/>Rising to the occasion --<br/>No boy scots tonight --<br/>Your children's friends --<br/>The family clipping bureau --<br/>When it's too late for spilled milk --<br/>Envy the childless? --<br/>Gum at the wedding --<br/>The sound of children --<br/>No matter what you call her |
| 650 ## - SUBJECT ADDED ENTRY--TOPICAL TERM | |
| Topical term or geographic name as entry element | MOTHERS |
| General subdivision | PRAYER-BOOKS AND DEVOTIONS |
| -- | ENGLISH |
| 942 ## - ADDED ENTRY ELEMENTS (KOHA) | |
| Koha item type | Circulation Books |
| Source of classification or shelving scheme | Library of Congress Classification |
| Withdrawn status | Lost status | Source of classification or shelving scheme | Damaged status | Not for loan | Home library | Current library | Shelving location | Date acquired | Source of acquisition | Total Checkouts | Full call number | Barcode | Date last seen | Price effective from | Koha item type |
|---|---|---|---|---|---|---|---|---|---|---|---|---|---|---|---|
| Dewey Decimal Classification | PBTS Library | PBTS Library | Circulation Section | 12/27/2004 | BV 283 .M7 H737 1974 | 2274 | 03/17/2026 | 04/02/2015 | Circulation Books |